<?xml version="1.0" encoding="UTF-8"?>
<record
    xmlns:xsi="http://www.w3.org/2001/XMLSchema-instance"
    xsi:schemaLocation="http://www.loc.gov/MARC21/slim http://www.loc.gov/standards/marcxml/schema/MARC21slim.xsd"
    xmlns="http://www.loc.gov/MARC21/slim">

  <leader>01455nam0a22003131  4500</leader>
  <controlfield tag="001">rc\2140014</controlfield>
  <controlfield tag="005">20260407083510.0</controlfield>
  <datafield tag="035" ind1=" " ind2=" ">
    <subfield code="a">(NLR Aleph) 006526684</subfield>
  </datafield>
  <datafield tag="090" ind1=" " ind2=" ">
    <subfield code="a">6488956</subfield>
    <subfield code="c">6488956</subfield>
  </datafield>
  <datafield tag="100" ind1=" " ind2=" ">
    <subfield code="a">20110826d1979    |||y0rusy50      ca</subfield>
  </datafield>
  <datafield tag="101" ind1="0" ind2=" ">
    <subfield code="a">rus</subfield>
  </datafield>
  <datafield tag="102" ind1=" " ind2=" ">
    <subfield code="a">RU</subfield>
  </datafield>
  <datafield tag="105" ind1=" " ind2=" ">
    <subfield code="a">y   z   |||||</subfield>
  </datafield>
  <datafield tag="200" ind1="1" ind2=" ">
    <subfield code="a">&#x41A;&#x440;&#x438;&#x43E;&#x442;&#x435;&#x440;&#x430;&#x43F;&#x438;&#x44F; &#x445;&#x440;&#x43E;&#x43D;&#x438;&#x447;&#x435;&#x441;&#x43A;&#x438;&#x445; &#x43D;&#x435;&#x441;&#x43F;&#x435;&#x446;&#x438;&#x444;&#x438;&#x447;&#x435;&#x441;&#x43A;&#x438;&#x445; &#x44D;&#x440;&#x43E;&#x437;&#x438;&#x439; &#x438; &#x44F;&#x437;&#x432; &#x441;&#x43B;&#x438;&#x437;&#x438;&#x441;&#x442;&#x43E;&#x439; &#x43E;&#x431;&#x43E;&#x43B;&#x43E;&#x447;&#x43A;&#x438; &#x43F;&#x43E;&#x43B;&#x43E;&#x441;&#x442;&#x438; &#x440;&#x442;&#x430; &#x438; &#x433;&#x443;&#x431;</subfield>
    <subfield code="e">(&#x41C;&#x435;&#x442;&#x43E;&#x434;. &#x440;&#x435;&#x43A;&#x43E;&#x43C;&#x435;&#x43D;&#x434;&#x430;&#x446;&#x438;&#x438;)</subfield>
    <subfield code="f">&#x41C;-&#x432;&#x43E; &#x437;&#x434;&#x440;&#x430;&#x432;&#x43E;&#x43E;&#x445;&#x440;&#x430;&#x43D;&#x435;&#x43D;&#x438;&#x44F; &#x421;&#x421;&#x421;&#x420;, &#x413;&#x43B;. &#x443;&#x440;&#x43F;. &#x43B;&#x435;&#x447;&#x435;&#x431;.-&#x43F;&#x440;&#x43E;&#x444;&#x438;&#x43B;&#x430;&#x43A;&#x442;. &#x43F;&#x43E;&#x43C;&#x43E;&#x449;&#x438;</subfield>
    <subfield code="g">[&#x421;&#x43E;&#x441;&#x442;. &#x412;.&#x410;. &#x41D;&#x438;&#x43A;&#x438;&#x442;&#x438;&#x43D;, &#x420;.&#x412;. &#x422;&#x43E;&#x447;&#x438;&#x43B;&#x43E;&#x432;&#x441;&#x43A;&#x430;&#x44F;]</subfield>
  </datafield>
  <datafield tag="210" ind1=" " ind2=" ">
    <subfield code="a">&#x41C;&#x43E;&#x441;&#x43A;&#x432;&#x430;</subfield>
    <subfield code="c">&#x411;. &#x438;.</subfield>
    <subfield code="d">1979</subfield>
  </datafield>
  <datafield tag="215" ind1=" " ind2=" ">
    <subfield code="a">10 &#x441;.</subfield>
    <subfield code="d">20</subfield>
  </datafield>
  <datafield tag="606" ind1=" " ind2=" ">
    <subfield code="a">&#x413;&#x443;&#x431;&#x44B;</subfield>
    <subfield code="x">&#x42F;&#x437;&#x432;&#x44B;</subfield>
    <subfield code="x">&#x41B;&#x435;&#x447;&#x435;&#x43D;&#x438;&#x435; &#x445;&#x43E;&#x43B;&#x43E;&#x434;&#x43E;&#x43C;</subfield>
    <subfield code="2">psbo</subfield>
  </datafield>
  <datafield tag="606" ind1=" " ind2=" ">
    <subfield code="a">&#x420;&#x43E;&#x442;&#x43E;&#x432;&#x430;&#x44F; &#x43F;&#x43E;&#x43B;&#x43E;&#x441;&#x442;&#x44C;</subfield>
    <subfield code="x">&#x421;&#x43B;&#x438;&#x437;&#x438;&#x441;&#x442;&#x430;&#x44F; &#x43E;&#x431;&#x43E;&#x43B;&#x43E;&#x447;&#x43A;&#x430;</subfield>
    <subfield code="x">&#x42F;&#x437;&#x432;&#x44B;</subfield>
    <subfield code="x">&#x41B;&#x435;&#x447;&#x435;&#x43D;&#x438;&#x435; &#x445;&#x43E;&#x43B;&#x43E;&#x434;&#x43E;&#x43C;</subfield>
    <subfield code="2">psbo</subfield>
  </datafield>
  <datafield tag="686" ind1=" " ind2=" ">
    <subfield code="a">&#x420;665.622.046-544&#x44F;8</subfield>
    <subfield code="2">rubbk</subfield>
  </datafield>
  <datafield tag="686" ind1=" " ind2=" ">
    <subfield code="a">&#x420;665.624.046-544&#x44F;8</subfield>
    <subfield code="2">rubbk</subfield>
  </datafield>
  <datafield tag="702" ind1=" " ind2="1">
    <subfield code="a">&#x422;&#x43E;&#x447;&#x438;&#x43B;&#x43E;&#x432;&#x441;&#x43A;&#x430;&#x44F;</subfield>
    <subfield code="b">&#x420;.&#x412;.</subfield>
    <subfield code="4">220</subfield>
  </datafield>
  <datafield tag="702" ind1=" " ind2="1">
    <subfield code="a">&#x41D;&#x438;&#x43A;&#x438;&#x442;&#x438;&#x43D;</subfield>
    <subfield code="b">&#x412;.&#x410;.</subfield>
    <subfield code="4">220</subfield>
  </datafield>
  <datafield tag="712" ind1="0" ind2="1">
    <subfield code="a">&#x421;&#x421;&#x421;&#x420;</subfield>
    <subfield code="b">&#x413;&#x43B;&#x430;&#x432;&#x43D;&#x43E;&#x435; &#x443;&#x43F;&#x440;&#x430;&#x432;&#x43B;&#x435;&#x43D;&#x438;&#x435; &#x43B;&#x435;&#x447;&#x435;&#x431;&#x43D;&#x43E;-&#x43F;&#x440;&#x43E;&#x444;&#x438;&#x43B;&#x430;&#x43A;&#x442;&#x438;&#x447;&#x435;&#x441;&#x43A;&#x43E;&#x439; &#x43F;&#x43E;&#x43C;&#x43E;&#x449;&#x438;</subfield>
    <subfield code="3">RU\NLR\AUTH\8810569</subfield>
    <subfield code="9">293726</subfield>
  </datafield>
  <datafield tag="801" ind1=" " ind2="0">
    <subfield code="a">RU</subfield>
    <subfield code="b">NLR</subfield>
    <subfield code="g">psbo</subfield>
  </datafield>
  <datafield tag="801" ind1=" " ind2="1">
    <subfield code="a">RU</subfield>
    <subfield code="b">ELAR</subfield>
    <subfield code="2">rusmarc</subfield>
  </datafield>
  <datafield tag="852" ind1=" " ind2=" ">
    <subfield code="a">NLR</subfield>
    <subfield code="j">79-4/21596</subfield>
  </datafield>
  <datafield tag="899" ind1=" " ind2=" ">
    <subfield code="a">RuMoRGB</subfield>
    <subfield code="j">M 79-18/568</subfield>
  </datafield>
  <datafield tag="942" ind1=" " ind2=" ">
    <subfield code="c">BOOK</subfield>
  </datafield>
  <datafield tag="980" ind1=" " ind2=" ">
    <subfield code="a">NB</subfield>
  </datafield>
  <datafield tag="995" ind1=" " ind2=" ">
    <subfield code="5">2013-10-26</subfield>
    <subfield code="b">NLR01</subfield>
    <subfield code="c">NLR01</subfield>
    <subfield code="e">RF9</subfield>
    <subfield code="f">6526684-10</subfield>
    <subfield code="k">79-4/21596</subfield>
    <subfield code="o">0</subfield>
    <subfield code="r">BOOK</subfield>
    <subfield code="s">79421596_</subfield>
  </datafield>
</record>
